Tenis /

Hlavní autor: Mečíř, Miloslav, 1964-
Další autoři: Nakládal, Rastislav
Jazyk: Slovenština
Vydáno: Bratislava : Šport, 1995
Vydání: 1. vyd.
Edice: Športový šlabikár
Témata:
Fyzický popis: 176 s. : il. ; 22 cm
Knihy
Uloženo v:
LEADER 00930nam a2200301 a 4500
001 000978324
003 CZ BrMZK
005 20091203062616.0
007 ta
008 091118s1995 xo a e f 000 0 slo
020 |a 80-7096-222-4  |q (váz.) 
040 |a BOA001  |b cze 
080 |a 796.342  |2 MRF 
080 |a (035)  |2 MRF 
100 1 |a Mečíř, Miloslav,  |d 1964-  |7 jn20000728410  |4 aut 
245 1 0 |a Tenis /  |c Miloš Mečíř, Rastislav Nakládal 
250 |a 1. vyd. 
260 |a Bratislava :  |b Šport,  |c 1995 
300 |a 176 s. :  |b il. ;  |c 22 cm 
490 1 |a Športový šlabikár 
650 0 7 |a tenis  |7 ph116424  |2 czenas 
655 7 |a příručky  |7 fd133209  |2 czenas 
700 1 |a Nakládal, Rastislav  |7 mzk2009544554  |4 aut 
830 0 |a Športový šlabikár 
910 2 |a BOA001  |b 2-1232.556 
990 |a BK 
991 |b 200912 
996 6 |b 2610396063  |c 2-1232.556  |l MZK  |r Sklad / do 1 hodiny  |n 0  |p dar  |w 000978324  |u 000010  |a 1  |e BOA001  |j MZK50  |s P